Principles of economics / (Record no. 3736)

000 -LEADER
fixed length control field 01021cam a2200349 a 4500
001 - CONTROL NUMBER
control field 13386436
003 - CONTROL NUMBER IDENTIFIER
control field OSt
005 - DATE AND TIME OF LATEST TRANSACTION
control field 20161118122647.0
008 - FIXED-LENGTH DATA ELEMENTS--GENERAL INFORMATION
fixed length control field 031028s2003 nyua 001 0 eng d
010 ## - LIBRARY OF CONGRESS CONTROL NUMBER
LC control number 2003280107
020 ## - INTERNATIONAL STANDARD BOOK NUMBER
International Standard Book Number 9781118292051
035 ## - SYSTEM CONTROL NUMBER
System control number (OCoLC)ocm53206586
040 ## - CATALOGING SOURCE
Original cataloging agency MZ5
Transcribing agency MZ5
Modifying agency DLC
042 ## - AUTHENTICATION CODE
Authentication code lccopycat
050 00 - LIBRARY OF CONGRESS CALL NUMBER
Classification number HB171.5.W35 2014
082 00 - DEWEY DECIMAL CLASSIFICATION NUMBER
Classification number 330
Edition number 22
100 ## - MAIN ENTRY--PERSONAL NAME
Personal name Walsh,Carl
245 00 - TITLE STATEMENT
Title Principles of economics /
Statement of responsibility, etc Carl,Walsh...[et al]
250 ## - EDITION STATEMENT
Edition statement First Australian Edition
260 ## - PUBLICATION, DISTRIBUTION, ETC. (IMPRINT)
Place of publication, distribution, etc Australia:
Name of publisher, distributor, etc John Wiley and sons Ltd,
Date of publication, distribution, etc c2014.
300 ## - PHYSICAL DESCRIPTION
Extent xxiv, 494 p. :
Other physical details ill. ;
Dimensions 22 cm.
500 ## - GENERAL NOTE
General note Includes index.
650 #0 - SUBJECT ADDED ENTRY--TOPICAL TERM
Topical term or geographic name as entry element Economics.
650 #0 - SUBJECT ADDED ENTRY--TOPICAL TERM
Topical term or geographic name as entry element Economics
Form subdivision Outlines, syllabi, etc.
700 ## - ADDED ENTRY--PERSONAL NAME
Personal name Gow,Jeff
700 ## - ADDED ENTRY--PERSONAL NAME
Personal name Guest,Ross
700 ## - ADDED ENTRY--PERSONAL NAME
Personal name Richmond,Bill
700 ## - ADDED ENTRY--PERSONAL NAME
Personal name Tani,max
906 ## - LOCAL DATA ELEMENT F, LDF (RLIN)
a 7
b cbc
c copycat
d 2
e ncip
f 20
g y-gencatlg
942 ## - ADDED ENTRY ELEMENTS (KOHA)
Source of classification or shelving scheme
Koha item type Book
Holdings
Withdrawn status Lost status Source of classification or shelving scheme Damaged status Not for loan Home library Current library Shelving location Date acquired Total Checkouts Full call number Barcode Date last seen Date checked out Copy number Price effective from Koha item type
          Riara University Library Riara University Library General stack 18/11/2016 1 HB171.5.W35 2014 8651/16 10/12/2018 06/12/2018 C.1 18/11/2016 Book

Riara University Library,
P.O. Box 49940-00100,
Nairobi, Kenya.